000 00666nam a2200253 a 4500
999 _c5227
_d5227
001 5227
003 BD-JhCC
005 20180213131437.0
008 171210s19482007xxua|||| |||| 000 0 eng d
020 _a9780194316651
035 _a(BD-JhCC)5227
040 _aBD-JhCC
_dBD-JhCC
041 _aeng
082 _a423.1
_bHOR 2007
100 _aHornby, A S
245 _aOxford Advanced Learner's Dictionary of Current English /
_cA S Hornby,
250 _a7th ed.
260 _aNew York :
_bOxford University Press,
_c2007
300 _a1780 p. :
_c24 cm.
650 _aEnglish Dictionary
650 _aEnglish Language
942 _2ddc
_cREF